Titoli di film che contengono città #1 - Statistics

Statistiche generali
  • Questo quiz è stato fatto 146 volte
  • Il punteggio medio è 5 su 10
Statistiche sulle risposte
Titoli dei film (incompleti) Anno Città % Corretto
________ città aperta 1945 Roma
78%
The Fast & The Furious: ________ drift 2006 Tokyo
71%
________ vice 2006 Miami
66%
Un americano a ________ 1951 Parigi
61%
Paura e delirio a ________ 1998 Las Vegas
55%
Un giorno di pioggia a ________ 2019 New York
49%
Intrigo a ________ 2006 Berlino
31%
Miracolo a ________ 1951 Milano
18%
Le notti di ________ 1979 Salem
12%
I dannati di ________ 1957 Varsavia
8%
Nessun quiz corrispondente trovato
Distribuzione punteggi
Percentuale di utenti per punteggio
Percentile per numero di risposta
I tuoi punteggi nel tempo
Non hai fatto questo quiz